Procedimientos informáticos en sistemas empresariales

Đã lưu trong:
Chi tiết về thư mục
Những tác giả chính: Clark, Frank J (Tác giả), Gale, Ronald (Tác giả), Gray, Robert (Tác giả)
Định dạng: Sách
Ngôn ngữ:Tiếng Tây Ban Nha
Được phát hành: Englewood Cliffs Prentice-Hall 1973
Những chủ đề:
Các nhãn: Thêm thẻ
Không có thẻ, Là người đầu tiên thẻ bản ghi này!

MARC

LEADER 00000nam a2200000 a 4500
001 UCR9249
003 CL-VaPUC
008 980613e19730000us |||||||||||||||||spa|d
082 0 4 |a 658.05  |b CLA  |2 21 
100 0 |a Clark, Frank J  |e author  |9 411554 
700 0 |a Gale, Ronald  |e author  |9 411555 
700 0 |a Gray, Robert  |e author  |9 411556 
245 1 0 |a Procedimientos informáticos en sistemas empresariales 
300 |a 303 p 
942 |c BK 
945 |d 19980613 00:00:00  |a cmena 
260 |a Englewood Cliffs  |b Prentice-Hall  |c 1973 
650 0 |a Administración de empresas   |9 260833 
650 0 |a Aplicaciones de computadores  |9 260401 
650 7 |a FORMULARIOS  |2 CL-VaPUC  |9 357440 
650 0 |a Análisis de la información  |9 306986 
650 7 |a PLANIFICACION Y CONTROL  |2 CL-VaPUC  |9 411557 
650 0 |a Análisis de sistemas   |9 260059 
650 0 |a Software  |9 387312 
583 |a last modification  |c 20150430 09:50:27  |k Rodrigo Vera 
999 |c 270451  |d 270449 
952 |0 0  |1 0  |4 0  |6 658_050000000000000_CLA_1973  |7 0  |8 A  |9 304752  |a BIBGIM  |b BIBGIM  |d 2019-11-20  |i 1415239  |o 658.05 CLA 1973  |p 1415239  |r 2025-01-15  |w 2019-11-20  |y BK  |k COM 
952 |0 0  |1 0  |4 0  |6 658_050000000000000_CLA_1973  |7 0  |8 A  |9 304753  |a BIBGIM  |b BIBGIM  |d 2019-11-20  |i 1415247  |o 658.05 CLA 1973  |p 1415247  |r 2025-01-15  |w 2019-11-20  |y BK  |k COM 
952 |0 0  |1 0  |4 0  |6 658_050000000000000_CLA_1973  |7 0  |8 A  |9 304754  |a BIBGIM  |b BIBGIM  |d 2019-11-20  |i 407680K  |o 658.05 CLA 1973  |p 407680K  |r 2025-01-15  |w 2019-11-20  |y BK  |k GIM